| 000 | 02389ncm0a2200397 4500 | ||
|---|---|---|---|
| 001 | RU\NLR\ONIZ\218465 | ||
| 005 | 20260317154513.0 | ||
| 035 | _a(NLR Aleph) 011414960 | ||
| 090 |
_a11579343 _c11579343 |
||
| 100 | _a20170523d2004 u y0rusy50 ca | ||
| 101 | 0 | _arus | |
| 102 | _aRU | ||
| 125 | _azx | ||
| 128 | _ali | ||
| 145 | 0 | _ac | |
| 200 | 1 |
_aПесни и романсы на стихи Н. Клюева _bНоты _e[для голоса (анс., хор) с фп.] _h[Ч.] II _fВ. Панченко _gавтор предисл. А. Михайлов |
|
| 210 |
_c[Б. и.] _aМосква _dcop. 2004 |
||
| 215 |
_a96 с. _cцв. ил., фото., фотопортр. _d30 см |
||
| 300 | _aНа с. 3 : 120-летию со дня рождния Н. А. Клюева посвящается | ||
| 313 | _aСистематизация документа проведена по изданию - Методика классифицирования музыкальных произведений (нотных изданий) по таблицам Библиотечно-библиографических классификаций : метод. рекомендации / Гос. б-ка СССР им. В.И. Ленина.- М., 1977. Индексу ББК методических рекомендаций присваивается код ББК для научных библиотек - LBC/SL | ||
| 606 | 1 |
_aПесни и романсы российских композиторов _z20-21 вв. _jНоты _2nlr_sh |
|
| 686 |
_aЩ943.4-42-043.3я44(2Р) _vLBC/SL _2rubbk |
||
| 700 | 1 |
_9z01790 _aПанченко _bВ. И. _f1929-2012 _gВиктор Иванович _4230 |
|
| 702 | 1 |
_9z01790 _aКлюев _bН. А. _f1884 - 1937 _gНиколай Алексеевич _4520 |
|
| 702 | 1 |
_9z02790 _aМихайлов _bА. И. _cд-р филол. наук, литературовед _f1937-2009 _gАлександр Иванович _3RU\NLR\AUTH\7734828 _4080 |
|
| 790 | 1 |
_9z01700 _aPanchenko _bV. _f1926 _gViktor _4230 |
|
| 790 | 1 |
_9z01702 _aKljuev _bN. _f1884 - 1937 _gNikolaj _4520 _7ba |
|
| 790 | 1 |
_9z02702 _aMichajlov _bA. I. _f1937-2009 _gAleksandr Ivanovič _4080 _7ba |
|
| 801 | 0 |
_aRU _bNLR _c20170523 _gPSBO |
|
| 801 | 1 |
_aRU _bNLR _c20170523 _2rusmarc |
|
| 801 | 2 |
_aRU _bNLR _c20180911 |
|
| 852 |
_aNLR _jМ 986/856(2) _m259042 _t1 |
||
| 942 | _cSCORE | ||
| 980 | _aNB | ||
| 980 | _aONIZ | ||